| 000 | 00729nam a22002051a 4500 | ||
|---|---|---|---|
| 001 | 11359 | ||
| 003 | OSt | ||
| 005 | 20260204212240.0 | ||
| 008 | 120823s2010||||ck ||||||b||||||||||spa|| | ||
| 020 | _a9789582010089 | ||
| 050 | _a510.7 D562d | ||
| 245 | _aLa didáctica y la dificultad en Matemática: Análisis de situaciones con falta de Aprendizaje / Bruno D. Amore Martha Isabel Fandeño Pinillo [et-al] | ||
| 264 | _aColombia: Magisterio editorial | ||
| 300 | _a206 P | ||
| 490 | _aDidactica de las Matemáticas | ||
| 500 | _aIncluye bibliografía | ||
| 650 | _aMatemáticas - Enseñanza 2.Pedagogía | ||
| 700 | _aD´Amore, Bruno II.Fondiño Martha Isabel III.Marazzani, Ines IV.Sbaragli, SilviaÌ | ||
| 942 |
_2ddc _cBK |
||
| 999 |
_c11359 _d11359 |
||